Movies Quiz

Random Movies or Clickable Quiz

Which Disney Princess? Quiz Stats

 Plays Quiz Updated Feb 27, 2018

Support Sporcle.
Go Orange.
Score 0/16 Timer 05:00
6 Plays Today
Question Answer Wrong Answers
Which of these princesses repeatedly loses her shoes? Cinderella
94.4%
Aurora
0.8%
Snow White
0.5%
Belle
0.5%
Which of these princesses is poisoned by an apple? Snow White
93.4%
Aurora
1.6%
Cinderella
1.1%
Belle
0.3%
Which of these princesses has a Fairy Godmother? Cinderella
91.3%
Aurora
3.9%
Snow White
0.8%
Belle
0.3%
Which of these princesses is a 'bookworm?' Belle
91.2%
Aurora
2.2%
Cinderella
1.6%
Snow White
1.2%
Which of these princesses first meets her prince when he takes her father captive? Belle
89.2%
Aurora
4.2%
Cinderella
1.4%
Snow White
1.2%
Which of these princesses has two living parents? Aurora
86%
Cinderella
2.7%
Snow White
3.9%
Belle
3.6%
Which of these princesses has the animal friends Gus and Jaq? Cinderella
83.3%
Aurora
4.3%
Snow White
4.1%
Belle
4.6%
Which of these princesses was the first to appear on film? Snow White
82.4%
Aurora
3.7%
Cinderella
8.4%
Belle
1.6%
Which of these princesses marries Prince Phillip? Aurora
74%
Cinderella
12.5%
Snow White
7.3%
Belle
2.3%
Which of these princesses meets her prince whilst dancing in a forest? Aurora
69.2%
Cinderella
3%
Snow White
21.9%
Belle
2.1%
Which of these princesses sings 'A Dream is a Wish Your Heart Makes?' Cinderella
69%
Aurora
14.2%
Snow White
8.6%
Belle
4.2%
Which of these princesses wears a magically colour-changing gown? Aurora
66.6%
Cinderella
24.6%
Snow White
1.5%
Belle
3.3%
Which of these princesses sings 'Some Day My Prince Will Come?' Snow White
58.2%
Aurora
21.2%
Cinderella
14.3%
Belle
2.5%
Which of these is the youngest Disney princess? Snow White
56.6%
Aurora
18.7%
Cinderella
4.1%
Belle
16.6%
Which of these princesses is given a magic mirror? Belle
48.1%
Aurora
5.7%
Cinderella
3%
Snow White
39.9%
Which of these princesses was voiced by Paige O'Hara? Belle
45.4%
Aurora
19.9%
Cinderella
15.2%
Snow White
15.1%

You're not logged in!

Compare scores with friends on all Sporcle quizzes.
OR
Log In

From the Vault

'The Breakfast Club' Nicknames

by BatmanFan

For all you millennials out there, this isn't a quiz about a reality cooking show.
Remove Ads.
Support Sporcle.
Get the best of Sporcle when you Go Orange. This ad-free experience offers more features, more stats, and more fun while also helping to support Sporcle. Thank you for becoming a member.

Show Comments

Extras

Top Quizzes Today


Score Distribution

Your Account Isn't Verified!

In order to create a playlist on Sporcle, you need to verify the email address you used during registration. Go to your Sporcle Settings to finish the process.

Report this User

Report this user for behavior that violates our Community Guidelines.

Details: